[Event "Club Championships B Grade"]
[Site "Wellington Chess Club"]
[Date "2020.11.26"]
[Round "9.9"]
[White "Kibblewhite, Daniel"]
[Black "Guthrie, Milo"]
[Result "0-1"]
[WhiteElo "1640"]
[BlackElo "1500"]

1. d4 d5 2. c4 e6 3. Nc3 Nf6 4. Nf3 Bb4 5. Bd2 O-O 6. e3 Re8 7. Be2 dxc4 8.
Bxc4 b6 9. O-O Bb7 10. Rc1 Nbd7 11. Bd3 Rc8 12. Nb5 Bxf3 13. gxf3 Bxd2 14. Qxd2
Nh5 15. Nxa7 Ra8 16. Nb5 c5 17. b3 cxd4 18. Nc7 Ne5 19. Be4 Qg5+ 20. Kh1 f5 21.
f4 dxe3 22. fxg5 exd2 23. Bxa8 dxc1=Q 24. Rxc1 Rd8 25. Rc2 Nf4 26. h4 Ng4 27.
Bf3 Ne5 28. Be2 Ned3 29. Bxd3 Rxd3 30. Kg1 Rh3 31. Rc4 Rxh4 32. f3 Ne2+ 33. Kf2
Rxc4 34. bxc4 Nd4 35. Ke3 e5 36. a4 Kf7 37. Nd5 Ke6 38. Nxb6 Nb3 39. Nd5 f4+
40. Nxf4+ exf4+ 41. Kxf4 g6 42. Ke4 Nc5+ 43. Kd4 Nxa4 44. c5 Nxc5 45. Kxc5 Kf5
46. Kd4 Kf4 47. Kd5 Kxf3 48. Ke5 Kg4 49. Kf6 Kf4 50. Kg7 Kxg5 51. Kxh7 Kh5 0-1

[Event "Club Championships B Grade"]
[Site "Wellington Chess Club"]
[Date "2020.11.26"]
[Round "9.10"]
[White "Chen, Wei Kai"]
[Black "Hall, Nathan"]
[Result "1-0"]
[WhiteElo "1931"]
[BlackElo "1871"]

1. b3 d5 2. Bb2 Bf5 3. e3 Nf6 4. Nf3 e6 5. Be2 Bd6 6. c4 c6 7. O-O Nbd7 8. Nd4
Bg6 9. f4 e5 10. Nxc6 bxc6 11. f5 e4 12. fxg6 Bxh2+ 13. Kxh2 hxg6+ 14. Kg1 Qc7
15. Kf2 Qh2 16. Rg1 Nh5 17. Rh1 Qg3+ 18. Kg1 O-O-O 19. Bxh5 gxh5 20. Nc3 Nc5
21. Qf1 Nd3 22. Ba3 Qg5 23. cxd5 cxd5 24. Nb5 Rh6 25. Rc1+ Nxc1 26. Qxc1+ Kb7
27. Qc7+ Ka6 28. Nd6 Rdxd6 29. Bxd6 Rxd6 30. Qxd6+ Kb7 31. Qf4 Qg6 32. Rh3 Qc6
33. Rxh5 f6 34. Rh7 1-0

[Event "Club Championships B Grade"]
[Site "Wellington Chess Club"]
[Date "2020.11.26"]
[Round "9.11"]
[White "Webster, Jamie"]
[Black "Stannard, Lars"]
[Result "1-0"]
[WhiteElo "1747"]
[BlackElo "1552"]

1. e4 e5 2. Nf3 Nc6 3. Bb5 Bd6 4. O-O a6 5. Ba4 Nf6 6. Re1 b5 7. Bb3 O-O 8. d4
Re8 9. dxe5 Nxe5 10. Bg5 Nxf3+ 11. Qxf3 Be5 12. c3 c5 13. Bd5 Rb8 14. Nd2 Qb6
15. Rad1 Bb7 16. Bxb7 Qxb7 17. Bxf6 Bxf6 18. Nb3 Qc6 19. Qg4 d6 20. f3 Qb6 21.
Rd5 c4+ 22. Nd4 h6 23. Kh1 Bxd4 24. Rxd4 Rbd8 25. Red1 Re7 26. f4 Red7 27. g3
Qc6 28. Kg1 Qc5 29. Kh1 Qc6 30. Qf5 a5 31. Qd5 Qb6 32. Kg2 a4 33. a3 Rb8 34. e5
Rbd8 35. e6 fxe6 36. Qxe6+ Kh8 37. Rd5 Qb7 38. Re1 Re7 39. Qxe7 Qxd5+ 40. Kh3
Qh5+ 41. Qh4 Qxh4+ 42. Kxh4 d5 43. Rd1 g6 44. Kg4 Kg7 45. Kf3 Kf6 46. Ke3 Ke6
47. Kd4 Kd6 48. Re1 Rd7 49. Re5 Kc6 50. h4 Rd6 51. h5 gxh5 52. f5 Rf6 53. Rxd5
Rd6 54. Rxd6+ Kxd6 55. Ke4 Ke7 56. Ke5 Kf7 57. f6 Kf8 58. Ke6 h4 59. gxh4 h5
60. f7 1-0

[Event "Club Championships B Grade"]
[Site "Wellington Chess Club"]
[Date "2020.11.26"]
[Round "9.12"]
[White "Stannard, Bobby"]
[Black "Laking, Julian"]
[Result "0-1"]
[WhiteElo "1504"]
[BlackElo "1500"]

1. e4 e5 2. Nf3 Nc6 3. d4 exd4 4. Nxd4 Bc5 5. Nxc6 Qf6 6. Qd2 dxc6 7. Bd3 Bg4
8. O-O O-O-O 9. Qg5 Qxg5 10. Bxg5 Nf6 11. h3 Be6 12. e5 h6 13. Bxf6 gxf6 14.
exf6 Rhg8 15. Re1 Bd4 16. c3 Bxf6 17. Be4 Bxh3 18. Kh2 Be6 19. Na3 Rd2 20. Nc2
Rxf2 21. Rf1 Be5+ 22. Kh1 Bg3 23. Rxf2 Bxf2 24. b4 Rg4 25. Bf3 Rh4# 0-1

[Event "Club Championships B Grade"]
[Site "Wellington Chess Club"]
[Date "2020.11.26"]
[Round "9.13"]
[White "Hurndell, Robert"]
[Black "Cooke, Xandi"]
[Result "1/2-1/2"]
[WhiteElo "1623"]
[BlackElo "1444"]

1. d4 Nf6 2. Bf4 d5 3. Nf3 Bf5 4. e3 Nc6 5. Bd3 Ne4 6. a3 e6 7. O-O Bd6 8. Bxd6
Qxd6 9. c4 b6 10. cxd5 exd5 11. Qc2 O-O 12. Nh4 Bg6 13. Nxg6 Qxg6 14. f3 f5 15.
fxe4 fxe4 16. Rxf8+ Rxf8 17. Bb5 Qg5 18. Qe2 $4 { Wow, I have never seen luck
come in this form. I thought I was done!! } 18... Nxd4 19. Qd1 Qxe3+ 20. Kh1
Nxb5 21. Qxd5+ Kh8 22. Nd2 Qd3 23. Qxd3 exd3 24. Kg1 h6 25. Rd1 Rd8 26. Nc4 Rd4
27. Ne5 d2 28. Nf3 Rd3 29. Rxd2 Rxd2 30. Nxd2 Kg8 31. Kf2 Kf7 32. Ke3 Ke6 33.
g4 c5 34. a4 Nd6 35. b3 Kd5 36. Kd3 a6 37. h3 b5 38. axb5 axb5 39. h4 c4+ 40.
bxc4+ bxc4+ { From here, low time and both players make a series of bad moves
mixed in with best moves } 41. Ke2 c3 42. Nf3 Ke4 43. g5 c2 44. Nd2+ Kf4 45.
Nb3 hxg5 46. hxg5 Kxg5 47. Kd2 { At this point I knew it was gonna be a draw so
I played on } 47... Kf4 48. Nc5 { A blunder that tops all blunders.Turns a
drawn game to winning for black } 48... g5 { But I play g5. Thinking it was
already a draw. Way to be taught how to take your time. When I made this move
the people watching winced. They saw the two mistakes in quick succession.
Instead, I should have done, }  (48... Ne4+ 49. Nxe4 Kxe4 50. Kxc2) 49. Ne6+
Kg4 50. Nxg5 Kxg5 51. Kxc2 { At this point, I was thoroughly disappointed. I
thought I could win. But, hey maybe next time. 1/2 1/2. From Blacks
Perspective. } 1/2-1/2

[Event "Club Championships B Grade"]
[Site "Wellington Chess Club"]
[Date "2020.11.26"]
[Round "9.14"]
[White "Rudykh, Richard"]
[Black "Wang, Cheng Qi(Max)"]
[Result "0-1"]
[WhiteElo "1500"]
[BlackElo "1500"]

1. e4 e6 2. e5 d5 3. d4 c5 4. Nf3 Nc6 5. c3 Qb6 6. Be3 f6 7. Nbd2 cxd4 8. Nxd4
Nxd4 9. Bxd4 Qxb2 10. Rb1 Qxa2 11. c4 Qa3 12. c5 Bxc5 13. Rb3 Qa5 14. Bc3 Qc7
15. Qa1 Bd7 16. Qb1 Bc6 17. Bb5 Bxb5 18. Rxb5 b6 19. Nb3 Be7 20. Nd4 Qxc3+ 21.
Kd1 Qxd4+ 22. Ke1 Qxe5+ 23. Kf1 f5 24. Qc1 Qd4 25. g3 Qd3+ 26. Kg2 Qxb5 27. Qe1
Qc6 28. Qe5 d4+ 29. Kh3 Qxh1 30. Qxg7 Qf1# 0-1

[Event "Club Championships B Grade"]
[Site "Wellington Chess Club"]
[Date "2020.11.26"]
[Round "9.15"]
[White "Asher, Bruce"]
[Black "Darr, Samuel"]
[Result "0-1"]
[WhiteElo "1187"]
[BlackElo "1652"]

1. d4 d5 2. c4 e6 3. Nc3 Nf6 4. Nf3 Bb4 5. a3 Bd6 6. Bg5 h6 7. Bh4 Be7 8. e3
Nc6 9. c5 Nh7 10. g3 g5 11. Bb5 Bd7 12. Ne5 Nxe5 13. Bxd7+ Nxd7 14. Qa4 gxh4
15. O-O h3 16. c6 bxc6 17. Qxc6 Rb8 18. Nb5 Rb6 19. Nxc7+ Kf8 20. Nb5 Rxc6 21.
Nxa7 Rb6 22. b4 Qa8 23. Rfc1 Qxa7 24. Rc3 Qb7 25. Rac1 Bd8 26. Rc8 Kg7 27. R8c3
e5 28. e4 exd4 29. Rd3 dxe4 30. Rxd4 e3 31. Kf1 Qh1+ 32. Ke2 Qxc1 33. fxe3 Re8
34. Rg4+ Rg6 0-1

[Event "Club Championships B Grade"]
[Site "Wellington Chess Club"]
[Date "2020.12.03"]
[Round "10.1"]
[White "Adair, Danny"]
[Black "Laking, Robert"]
[Result "1/2-1/2"]
[WhiteElo "1500"]
[BlackElo "1944"]

1. e4 c5 2. Nf3 Nc6 3. d4 cxd4 4. Nxd4 e6 5. Nc3 Qc7 6. Be3 Nf6 7. Qf3 a6 8. a3
$6 { } 8... Be7 9. Be2 O-O 10. O-O b5 11. Nxc6 dxc6 12. Rad1 Bb7 13. Qg3 Qxg3
14. hxg3 Rfd8 15. f4 c5 16. e5 Ne4 17. Nxe4 Bxe4 18. c3 Bc2 19. Rd2 Rxd2 20.
Bxd2 Rd8 21. Be3 Bd3 22. Kf2 h5 23. Rd1 Bxe2 24. Rxd8+ Bxd8 25. Kxe2 Bb6 26.
Kd2 f6 27. exf6 gxf6 28. b4 Kf7 29. bxc5 Bc7 30. Kd3 Ke7 31. c4 Kd7 32. cxb5
axb5 33. Bd4 f5 34. Bf6 Kc6 35. Kd4 Kd7 36. Be5 Bd8 37. Bg7 Ba5 38. Bf6 Bc7 39.
Be5 Ba5 40. Bf6 Bd2 41. Kd3 Bc1 42. c6+ Kxc6 43. Be7 Kd5 44. Kc3 Be3 45. Kb4
Kc6 46. Kb3 Bf2 47. Bh4 Be1 48. Kc2 Kd5 49. Kd3 Bf2 50. Kc3 Bc5 51. Kb3 e5 52.
fxe5 Kxe5 53. Bg5 Ke4 54. a4 bxa4+ 55. Kxa4 Bf2 56. Kb3 Bxg3 57. Kc2 Bf4 58.
Bh4 Be5 59. Kd2 Kf4 60. Ke2 Kg4 61. Be7 h4 62. Bc5 f4 63. Kf1 Bc3 64. Bb6 Bd2
65. Bc5 Be3 66. Bb4 f3 67. gxf3+ Kxf3 68. Bd6 1/2-1/2

[Event "Club Championships B Grade"]
[Site "Wellington Chess Club"]
[Date "2020.12.03"]
[Round "10.2"]
[White "Wevers, Alexis"]
[Black "Van der Hoorn, Thomas"]
[Result "1/2-1/2"]
[WhiteElo "1830"]
[BlackElo "1522"]

1. d4 Nf6 2. Bf4 d5 3. e3 c5 4. c3 Nc6 5. Nd2 Bg4 6. Qb3 Qc8 7. Ngf3 e6 8. Bb5
Bh5 9. Ne5 Be7 10. Qa4 a6 11. Bxc6+ bxc6 12. Qxc6+ Qxc6 13. Nxc6 Rc8 14. Nxe7
Kxe7 15. dxc5 Rxc5 16. O-O Nd7 17. e4 Bg6 18. exd5 Rxd5 19. Nb3 Nc5 20. c4 Nxb3
21. axb3 Rd3 22. Ra3 Ra8 23. Be3 Kd7 24. b4 Rxa3 25. bxa3 Kc6 26. Rd1 Bc2 27.
Rd4 e5 28. Rd5 f6 29. Rd2 Bb3 30. c5 Bd5 31. f3 Rd8 32. Kf2 Rd7 33. Rb2 Bc4 34.
f4 e4 35. f5 Rd3 36. Rd2 Rxd2+ 37. Bxd2 Bd3 38. Ke3 Kd5 39. a4 Bc2 40. a5 Bd3
1/2-1/2

[Event "Club Championships B Grade"]
[Site "Wellington Chess Club"]
[Date "2020.12.03"]
[Round "10.3"]
[White "Robinson, Max"]
[Black "He, Caleb"]
[Result "0-1"]
[WhiteElo "1808"]
[BlackElo "1862"]

1. e4 c5 2. Nf3 g6 3. d4 cxd4 4. Nxd4 Bg7 5. Nc3 Nc6 6. Be3 Nf6 7. Bc4 O-O 8.
Bb3 a6 9. Nxc6 bxc6 10. f3 Bb7 11. Qd2 d5 12. Rd1 e6 13. O-O Qc7 14. Qf2 Rac8
15. Na4 dxe4 16. Bb6 Qb8 17. Nc5 exf3 18. Qxf3 Ba8 19. Ba5 Qb5 20. Bc3 Qxc5+
21. Bd4 Qf5 22. Qc3 Ne4 23. Qe3 Bxd4 24. Rxd4 c5 25. Rxf5 cxd4 26. Qxd4 exf5
27. h4 Rcd8 28. Qa7 Rd6 29. c4 Kg7 30. c5 Rc6 31. Bd5 Rcc8 32. Bxa8 Rxa8 33.
Qc7 Rfc8 34. Qe5+ Nf6 35. b4 Rab8 36. a3 Re8 37. Qc7 Ne4 38. Qa7 Ra8 39. Qb7 a5
40. Qc6 axb4 41. axb4 Rab8 42. Qd7 Red8 43. Qe7 Re8 44. Qd7 Nf6 45. Qd4 Re4 46.
Qc3 Rbxb4 47. c6 Rbc4 0-1

[Event "Club Championships B Grade"]
[Site "Wellington Chess Club"]
[Date "2020.12.03"]
[Round "10.4"]
[White "Brockway, Andrew"]
[Black "Loke, Kayden"]
[Result "1/2-1/2"]
[WhiteElo "1803"]
[BlackElo "1500"]

1. e4 e5 2. Nf3 Nf6 3. Nxe5 d6 4. Nf3 Nxe4 5. Nc3 Nxc3 6. dxc3 Bg4 7. h3 Bh5 8.
Qd5 Bxf3 9. Qxf3 Nc6 10. Be3 (10. Bc4 Ne5 11. Qxb7) 10... Be7 11. Bb5 Qd7 12.
O-O a6 13. Ba4 b5 14. Bb3 O-O 15. Bd5 Ne5 16. Qg3 c6 17. Be4 f5 18. Bd3 Nxd3
19. cxd3 Rf6 20. Qf3 Raf8 21. Bg5 R6f7 22. Bxe7 Rxe7 23. Rfe1 Rfe8 24. Kf1 d5
25. Qf4 g6 26. Qd2 Qc7 27. Kg1 Kf7 28. Rxe7+ Qxe7 29. Kf1 Kf6 30. Re1 Qxe1+ 31.
Qxe1 Rxe1+ 32. Kxe1 Ke5 33. d4+ Kf4 34. Ke2 Kg5 35. Kf3 Kf6 36. h4 g5 37. hxg5+
Kxg5 38. Kg3 a5 39. f4+ Kh5 40. Kh3 a4 41. a3 Kg6 42. Kg3 Kh6 43. Kh4 Kg6 44.
Kg3 h6 45. Kh4 Kg7 46. Kh5 Kh7 47. Kh4 Kg6 48. Kh3 Kh7 49. Kh4 Kg6 50. Kh3 Kh7
51. Kh4 Kg6 52. Kh3 Kh7 53. Kh4 1/2-1/2

[Event "Club Championships B Grade"]
[Site "Wellington Chess Club"]
[Date "2020.12.03"]
[Round "10.5"]
[White "Dixon, Hamish"]
[Black "Symon, Christopher"]
[Result "0-1"]
[WhiteElo "1679"]
[BlackElo "1500"]

1. e4 c5 2. Nf3 Nc6 3. d4 cxd4 4. Nxd4 g6 5. Bc4 Bg7 6. c3 e6 7. Be3 Nge7 8.
Nxc6 Nxc6 9. Bc5 Qg5 10. Bd6 Qxg2 11. Rf1 Qxe4+ 12. Be2 b6 13. Nd2 Qd5 14. Nc4
Qxd1+ 15. Rxd1 Bf8 16. Rg1 Bxd6 17. Nxd6+ Ke7 18. Rg3 f5 19. Re3 a5 20. Bf3 Ba6
21. a4 Rad8 22. Nb5 Bxb5 23. axb5 Nb8 24. c4 Rc8 25. Be2 Rhd8 26. b3 Rc5 27.
Red3 d6 28. R3d2 Rd7 29. Bf3 a4 30. Be2 axb3 31. Rb1 d5 32. cxd5 Rdxd5 33. Rxb3
Nd7 0-1

[Event "Club Championships B Grade"]
[Site "Wellington Chess Club"]
[Date "2020.12.03"]
[Round "10.6"]
[White "Lyall, Gordon"]
[Black "Marney, John"]
[Result "1-0"]
[WhiteElo "1944"]
[BlackElo "1660"]

1. Nf3 Nf6 2. c4 e6 3. Nc3 d5 4. e3 Be7 5. b3 O-O 6. Bb2 Nbd7 7. Qc2 Re8 8. Be2
b6 9. Rg1 Bb7 10. g4 c5 11. g5 Ne4 12. h4 d4 13. Nxe4 e5 14. h5 Nf8 15. Nxe5
Bxe4 16. Qxe4 Bd6 17. f4 Bxe5 18. fxe5 dxe3 19. O-O-O exd2+ 20. Rxd2 Qc7 21.
Bd3 Rad8 22. Rf2 Rd7 23. Bc2 Qd8 24. Qg4 Ne6 25. g6 h6 26. gxf7+ Rxf7 27. Rxf7
Kxf7 28. Bg6+ 1-0

[Event "Club Championships B Grade"]
[Site "Wellington Chess Club"]
[Date "2020.12.03"]
[Round "10.7"]
[White "Ashe, Michael"]
[Black "Chen, Wei Kai"]
[Result "1-0"]
[WhiteElo "1748"]
[BlackElo "1931"]

1. d4 Nf6 2. c4 g6 3. f3 Bg7 4. e4 d6 5. Nc3 O-O 6. Nge2 Nc6 7. Be3 e5 8. d5
Ne7 9. Qd2 Nd7 10. g4 f5 11. g5 Nb6 12. b3 Bd7 13. O-O-O Nbc8 14. h4 c5 15. h5
a6 16. a4 Na7 17. f4 b5 18. Ng3 fxe4 19. Ncxe4 Nf5 20. Nxf5 Bxf5 21. Ng3 Bd7
22. hxg6 hxg6 23. Bd3 Qe8 24. Ne4 Qe7 25. Ng3 Bf5 26. Bxf5 gxf5 27. Qh2 1-0

[Event "Club Championships B Grade"]
[Site "Wellington Chess Club"]
[Date "2020.12.03"]
[Round "10.8"]
[White "Guthrie, Milo"]
[Black "Carroll, Lewis"]
[Result "0-1"]
[WhiteElo "1500"]
[BlackElo "1681"]

1. d4 Nf6 2. Bf4 d5 3. e3 c5 4. c3 Nc6 5. Nf3 cxd4 6. exd4 Qb6 7. Qb3 Qd8 8. h3
a6 9. Bd3 e6 10. Nbd2 Bd6 11. Ne5 Bxe5 12. dxe5 Nd7 13. Nf3 Nc5 14. Qc2 d4 15.
cxd4 Nb4 16. Qd2 Ncxd3+ 17. Ke2 Nxf4+ 18. Qxf4 O-O 19. Rhd1 Bd7 20. Kf1 Nd5 21.
Qe4 h6 22. Nd2 f5 23. Qe2 Bb5 24. Nc4 Nf4 25. Qc2 Qd5 0-1

[Event "Club Championships B Grade"]
[Site "Wellington Chess Club"]
[Date "2020.12.03"]
[Round "10.9"]
[White "Laking, Julian"]
[Black "Langford, Josh"]
[Result "1/2-1/2"]
[WhiteElo "1500"]
[BlackElo "1413"]

1. e4 c6 2. d4 d5 3. exd5 cxd5 4. Nf3 Bg4 5. Nbd2 Nc6 6. h3 Bh5 7. c3 e6 8. Be2
Bd6 9. c4 dxc4 10. Nxc4 Bb4+ 11. Bd2 Bxd2+ 12. Qxd2 Bxf3 13. Bxf3 Nxd4 14. Qc3
Nxf3+ 15. Qxf3 Qc7 16. Rc1 Nf6 17. O-O O-O 18. Rfd1 Qe7 19. Ne5 Rfd8 20. Rxd8+
Rxd8 21. Qc3 Nd5 22. Qa5 b6 23. Qa6 Nb4 24. Qc4 f6 25. Nf3 Nd3 26. Rd1 Nxb2 27.
Rxd8+ Qxd8 28. Qxe6+ Kf8 29. Qe4 Nd3 30. Qxh7 Qd5 31. Qg6 Ne5 32. Nxe5 Qxe5 33.
Qd3 Qa1+ 34. Kh2 Qxa2 35. Qd8+ Kf7 36. Qd7+ Kg6 1/2-1/2

[Event "Club Championships B Grade"]
[Site "Wellington Chess Club"]
[Date "2020.12.03"]
[Round "10.10"]
[White "Farrington, Lawrence"]
[Black "Webster, Jamie"]
[Result "1-0"]
[WhiteElo "1639"]
[BlackElo "1747"]

1. e4 e5 2. Nf3 Nc6 3. Nc3 Nf6 4. Bb5 Bc5 { C48 Four Knights Game: Spanish
Variation, Classical Variation } 5. Nxe5 Nxe5 6. d4 Bd6 7. dxe5 Bxe5 8. O-O O-O
9. f3 c6 10. Bd3 Qc7 11. f4 Bd4+ 12. Kh1 d6 13. f5 Be5 14. Qf3 d5 15. Bf4 d4
16. Ne2 c5 17. Bxe5 Qxe5 18. Qf4 Re8 19. Qxe5 Rxe5 20. Ng3 Bd7 21. h3 Bc6 22.
Rf4 Rae8 23. Re1 b5 24. b3 a5 25. Re2 a4 26. Kg1 Ra8 27. Kf2 axb3 28. axb3 Kf8
29. h4 h5 30. Kf3 Ra3 31. Kf2 c4 32. bxc4 bxc4 33. Bxc4 Ng4+ 34. Rxg4 hxg4 35.
Bd3 Bb5 36. Rd2 Bxd3 37. cxd3 Rea5 38. Ne2 Ra2 39. Rxa2 Rxa2 40. Kf1 Ra4 41.
Kf2 Ke7 42. Nf4 Kd6 43. Kg3 Kc5 44. Kxg4 Kb4 45. h5 Kc3 46. Kg5 Kd2 47. h6
gxh6+ 48. Kxh6 Ke3 49. g3 Ra3 50. e5 Rxd3 51. Nxd3 Kxd3 52. e6 fxe6 53. fxe6
Kc2 54. e7 d3 55. e8=Q d2 56. Qe2 Kc1 57. g4 1-0

[Event "Club Championships B Grade"]
[Site "Wellington Chess Club"]
[Date "2020.12.03"]
[Round "10.11"]
[White "Lanaquera, Abraham"]
[Black "Rudykh, Dmitry"]
[Result "0-1"]
[WhiteElo "1500"]
[BlackElo "1500"]

1. e4 e5 2. Bc4 Bc5 3. Nf3 d6 4. O-O a6 5. Ng5 Qxg5 6. Qf3 Qg6 7. Nc3 c6 8. d3
Nf6 9. Be3 Bg4 10. Qg3 a5 11. h3 Nh5 12. Qxg4 a4 13. Qxg6 hxg6 14. Bxc5 dxc5
15. Ne2 b5 16. g4 Nf6 17. g5 Nfd7 18. f4 bxc4 19. dxc4 Rxh3 20. Kg2 Re3 21. Nc3
exf4 22. Rxf4 Ne5 23. Nd1 Re2+ 24. Nf2 Rxc2 25. Rb1 Nxc4 26. b3 axb3 27. Rxb3
Nd7 28. Rb7 Nce5 29. Rc7 c4 30. Kg3 c3 31. Nd1 Rc1 32. Rh4 Ke7 33. Kf4 Rxd1 34.
Rh2 Rf1+ 35. Ke3 Ng4+ 36. Kd3 Rf3+ 37. Kd4 Nxh2 38. Rxc6 Ra4+ 0-1

[Event "Club Championships B Grade"]
[Site "Wellington Chess Club"]
[Date "2020.12.03"]
[Round "10.12"]
[White "Stannard, Lars"]
[Black "Kibblewhite, Daniel"]
[Result "1-0"]
[WhiteElo "1552"]
[BlackElo "1640"]

1. d4 d5 2. Bf4 Nf6 3. Nf3 Nc6 4. e3 a6 5. c4 e6 6. cxd5 Nxd5 7. Bg3 Bb4+ 8.
Nbd2 O-O 9. Bc4 Re8 10. a3 Bd6 11. Bxd6 Qxd6 12. O-O b5 13. Ne4 Qd8 14. Bd3 h6
15. Nc5 e5 16. e4 Nf6 17. d5 Nd4 18. b4 Bg4 19. Be2 Nxe2+ 20. Qxe2 Ra7 21. h3
Bc8 22. Rfd1 Nd7 23. Rac1 Nxc5 24. bxc5 Qf6 25. Qe3 c6 26. d6 Bd7 27. Nd2 a5
28. Qc3 Rb8 29. Nf3 Qg6 30. Nxe5 Qxe4 31. Re1 Qa4 32. Qf3 Be6 33. Nxc6 1-0

[Event "Club Championships B Grade"]
[Site "Wellington Chess Club"]
[Date "2020.12.03"]
[Round "10.13"]
[White "Hall, Nathan"]
[Black "Rudykh, Richard"]
[Result "1-0"]
[WhiteElo "1871"]
[BlackElo "1500"]

1. e4 e5 2. Nf3 Nf6 3. Nc3 Nc6 4. Bc4 d6 5. h3 a6 6. O-O Na5 7. Be2 h6 8. d4 c6
9. dxe5 dxe5 10. Qxd8+ Kxd8 11. Nxe5 Be6 12. Be3 Kc7 13. f4 Bd6 14. Nd3 Nh5 15.
Bxh5 g6 16. Be2 h5 17. e5 Be7 18. Ne4 Nc4 19. Bf2 Bf5 20. Bf3 Rhf8 21. Rad1
Rad8 22. Rfe1 b6 23. b3 Na3 24. c3 c5 25. Nb2 Nc2 26. Rxd8 Rxd8 27. Re2 Na3 28.
g4 Be6 29. Rd2 Rf8 30. Bg3 a5 31. Kf2 b5 32. Nd6 Rd8 33. Ke2 Kb6 34. gxh5 Bxh3
35. Nxf7 Rf8 36. hxg6 Rg8 37. Be4 Bg4+ 38. Ke1 b4 39. cxb4 cxb4 40. Na4+ Kb5
41. Bb7 Rxg6 42. Rd5+ Bc5 43. Rxc5# 1-0

[Event "Club Championships B Grade"]
[Site "Wellington Chess Club"]
[Date "2020.12.03"]
[Round "10.14"]
[White "Wang, Cheng Qi(Max)"]
[Black "Darr, Samuel"]
[Result "0-1"]
[WhiteElo "1500"]
[BlackElo "1652"]

1. e4 e6 2. d4 d5 3. e5 c5 4. c3 Nc6 5. Nf3 Qb6 6. Bd3 cxd4 7. cxd4 Bd7 8. Bc2
Bb4+ 9. Nc3 Nge7 10. O-O O-O 11. Qd3 Nf5 12. Nh4 Ncxd4 13. Nxf5 exf5 14. Be3
Bc5 15. b3 Nxc2 16. Bxc5 Qxc5 17. Qxc2 d4 18. Rad1 Qxc3 19. Qxc3 dxc3 20. Rxd7
c2 21. Rc7 Rac8 22. Rxc8 Rxc8 23. Rc1 Rd8 24. h3 Rd1+ 25. Rxd1 cxd1=Q+ 26. Kh2
Qe2 27. f4 Qf2 28. Kh1 Qxf4 29. Kg1 Qxe5 30. Kh1 f4 31. g3 f3 32. Kg1 Qe2 0-1

[Event "Club Championships B Grade"]
[Site "Wellington Chess Club"]
[Date "2020.12.03"]
[Round "10.15"]
[White "Yu, Johnson"]
[Black "Asher, Bruce"]
[Result "1-0"]
[WhiteElo "1193"]
[BlackElo "1187"]

1. e4 e5 2. Nf3 Nc6 3. Bc4 Nf6 4. Ng5 d5 5. exd5 Nxd5 6. Nxf7 Kxf7 7. Qf3+ Ke7
8. Bxd5 Be6 9. Bxc6 bxc6 10. d3 h6 11. Qxc6 Bd5 12. Qg6 Bf7 13. Qe4 Kd6 14. Nc3
c6 15. Be3 Qa5 16. O-O Rb8 17. Na4 Rb4 18. Bc5+ Kd7 19. Bxb4 Bxb4 20. a3 Bd6
21. Nc3 Rb8 22. b4 Qb6 23. Qg4+ Ke7 24. Ne4 Bc7 25. Qxg7 h5 26. Qg5+ Kf8 27.
Rfe1 Re8 28. Nc5 Bd6 29. Nd7# 1-0

[Event "Summer Cup"]
[Site "Wellington Chess Club"]
[Date "2021.01.28"]
[Round "1.2"]
[White "Langford, Josh"]
[Black "Ker, Anthony"]
[Result "1-0"]
[WhiteElo "1680"]
[BlackElo "2440"]

1. e4 c5 2. Nf3 g6 3. d4 cxd4 4. Qxd4 Nf6 5. e5 Nc6 6. Qa4 Nd5 7. Qe4 Nc7 8.
Nc3 b5 9. Bf4 Bb7 10. O-O-O Bg7 11. h4 Qc8 12. Qe3 Nb4 13. Qd4 a5 14. h5 Rg8
15. h6 Bxf3 16. gxf3 Bh8 17. Bh3 Ne6 18. Qe3 Nxc2 19. Kxc2 b4 20. Rd3 bxc3 21.
Rxc3 Qb7 22. Rd1 Rb8 23. Rb3 Qc7+ 24. Rc3 Qb7 25. Rb3 Qc6+ 26. Kb1 Rxb3 27.
Qxb3 f5 28. Bf1 Kf7 29. Bb5 Qb6 30. Rxd7 Rb8 31. a4 Qxf2 32. Ka2 Qh4 33. Be3
Bxe5 34. Bc5 Bf6 35. Qd5 Qh2 36. Ba3 Qxh6 37. Bxe7 Bxe7 38. Qd6 Re8 39. Ra7 Kf6
40. Qd7 Ng7 41. Qd4+ Kg5 42. Bxe8 1-0

[Event "Summer Cup"]
[Site "Wellington Chess Club"]
[Date "2021.01.28"]
[Round "1.3"]
[White "Wastney, Scott"]
[Black "William, Ackroyd"]
[Result "1-0"]
[WhiteElo "2434"]
[BlackElo "1670"]

1. e4 c6 2. Nf3 d5 3. exd5 cxd5 4. Ne5 Nc6 5. Bb5 Bd7 6. Bxc6 bxc6 7. d4 Nf6 8.
O-O e6 9. Bg5 c5 10. c4 dxc4 11. dxc5 Bxc5 12. Qf3 O-O 13. Rd1 1-0

[Event "Summer Cup"]
[Site "Wellington Chess Club"]
[Date "2021.01.28"]
[Round "1.4"]
[White "Shyamsundar, Tejas"]
[Black "Dive, Russell"]
[Result "0-1"]
[WhiteElo "1647"]
[BlackElo "2407"]

1. d4 Nf6 2. c4 c5 3. d5 b5 4. Qb3 g6 5. Nf3 Bg7 6. e4 d6 7. e5 dxe5 8. Nxe5
O-O 9. Nd3 Bf5 10. Qd1 bxc4 11. Nf4 g5 12. Nh5 Nxh5 13. Qxh5 Qxd5 14. Nc3 Qe6+
15. Qe2 Nc6 16. Qxe6 Bxe6 17. Be3 Rab8 18. Nd1 Nb4 19. Rc1 Nxa2 20. Ra1 c3 21.
bxc3 Nxc3 22. Rc1 Na2 23. Rxc5 h6 24. Bd3 Rfd8 25. Be2 f5 26. Rc7 Kf8 27. Bc5
Bf6 28. O-O a5 29. Ne3 Rdc8 30. Rxc8+ Rxc8 31. Ba3 a4 32. Bd3 Rc3 0-1

[Event "Summer Cup"]
[Site "Wellington Chess Club"]
[Date "2021.01.28"]
[Round "1.5"]
[White "Cilia Vincenti, David"]
[Black "Kibblewhite, Daniel"]
[Result "1/2-1/2"]
[WhiteElo "2276"]
[BlackElo "1639"]

1. d4 d5 2. c4 c6 3. Nf3 Nf6 4. e3 Bg4 5. Nc3 e6 6. Qb3 Bxf3 7. gxf3 Qb6 8. Qc2
Nbd7 9. Bd2 Be7 10. Rg1 Rg8 11. O-O-O O-O-O 12. e4 dxc4 13. Be3 Qc7 14. Bxc4
Nb6 15. Bb3 Qxh2 16. d5 exd5 17. exd5 Nbxd5 18. Bxa7 Qf4+ 19. Kb1 Nxc3+ 20.
Qxc3 Rxd1+ 21. Rxd1 Rd8 22. Rxd8+ Kxd8 23. Bxf7 Qf5+ 24. Ka1 Nd5 25. Qxg7 Qxf3
26. Qg8+ Kd7 27. Be6+ Kd6 28. Bb8+ Kc5 29. Qxh7 Qxf2 30. Qb1 Bf6 31. Qc1+ Kb6
32. a3 Ne3 33. Bb3 Qf1 34. Qxf1 Nxf1 35. Bf4 Bd4 36. Bc4 Ne3 37. Bd3 Kc5 38.
Ka2 Nd5 39. Bd2 b5 40. b4+ Kb6 41. Kb3 c5 42. bxc5+ Bxc5 43. Be4 Kc6 44. Bf4
Bd6 45. Be3 Bc5 46. Bh6 Kd6 47. Bf8+ Ne7 48. Bxe7+ Kxe7 49. Bc6 Bxa3 1/2-1/2

[Event "Summer Cup"]
[Site "Wellington Chess Club"]
[Date "2021.01.28"]
[Round "1.6"]
[White "Marney, John"]
[Black "Russell, Athula"]
[Result "0-1"]
[WhiteElo "1638"]
[BlackElo "2261"]

1. e4 c6 2. d4 d5 3. exd5 cxd5 4. Bd3 Nc6 5. c3 Nf6 6. Be3 Bg4 7. Qb3 Qc7 8.
Nd2 e6 9. Ngf3 Bd6 10. h3 Bh5 11. O-O O-O 12. Rac1 Rfc8 13. Rfe1 Bg6 14. Bxg6
hxg6 15. Qc2 b5 16. a3 Nd7 17. Nb3 Na5 18. Nxa5 Qxa5 19. Ng5 Qc7 20. Nxe6 fxe6
21. Qxg6 Nf8 22. Qg4 Qf7 23. Bh6 Re8 24. Re3 Qf6 25. Bg5 Qf5 26. Qh5 Bf4 27.
Rg3 Bxg3 28. fxg3 Nh7 29. Rf1 Qxg5 30. Qf7+ Kh8 0-1

[Event "Summer Cup"]
[Site "Wellington Chess Club"]
[Date "2021.01.28"]
[Round "1.7"]
[White "Winter, Ryan"]
[Black "Darr, Samuel"]
[Result "1-0"]
[WhiteElo "2165"]
[BlackElo "1632"]

1. e4 e6 2. d3 d5 3. Nd2 Nf6 4. Ngf3 Bb4 5. c3 Ba5 6. e5 Nfd7 7. d4 c5 8. Bd3
Nc6 9. O-O Bc7 10. Re1 b6 11. c4 Nb4 12. Bb1 Bb7 13. a3 Na6 14. cxd5 Bxd5 15.
Bd3 Nab8 16. Ne4 cxd4 17. Bg5 f6 18. exf6 gxf6 19. Nxd4 fxg5 20. Qh5+ Kf8 21.
Nxg5 Bxh2+ 22. Kxh2 Qf6 23. Ngxe6+ Bxe6 24. Nxe6+ Kg8 25. Re4 Nf8 26. Rf4 Qe7
27. Qg5+ Ng6 28. Qxe7 1-0